Practical animal husbandry / (Record no. 2395)

MARC details
000 -LEADER
fixed length control field 00632nam a22002297a 4500
001 - CONTROL NUMBER
control field BD-DhSAU 2395
003 - CONTROL NUMBER IDENTIFIER
control field BD-DhSAU
005 - DATE AND TIME OF LATEST TRANSACTION
control field 20150128111912.0
008 - FIXED-LENGTH DATA ELEMENTS--GENERAL INFORMATION
fixed length control field 150128b1985 enka|||| |||| 001 0 eng d
020 ## - INTERNATIONAL STANDARD BOOK NUMBER
International Standard Book Number 0856080403
040 ## - CATALOGING SOURCE
Original cataloging agency BD-DhSAU
082 ## - DEWEY DECIMAL CLASSIFICATION NUMBER
Edition number 22
Classification number 636
Item number EWP
100 ## - MAIN ENTRY--PERSONAL NAME
Personal name Ewer, T. K.
245 ## - TITLE STATEMENT
Title Practical animal husbandry /
Statement of responsibility, etc. T. K. Ewer
250 ## - EDITION STATEMENT
Edition statement ELBS edition.
260 ## - PUBLICATION, DISTRIBUTION, ETC. (IMPRINT)
Place of publication, distribution, etc. Great Britain :
Name of publisher, distributor, etc. ELBS ,
Date of publication, distribution, etc. c1985.
300 ## - PHYSICAL DESCRIPTION
Extent viii, 257 p. :
Other physical details ill. ;
Dimensions 24 cm.
504 ## - BIBLIOGRAPHY, ETC. NOTE
Bibliography, etc Includes bibliographical references & index.
590 ## - Name of Cataloguer
Name of Cataloger Jerin
650 ## - SUBJECT ADDED ENTRY--TOPICAL TERM
Topical term or geographic name as entry element Animal Husbandry
650 ## - SUBJECT ADDED ENTRY--TOPICAL TERM
Topical term or geographic name as entry element Practical animal husbandry
942 ## - ADDED ENTRY ELEMENTS (KOHA)
Source of classification or shelving scheme Dewey Decimal Classification
Koha item type Book
Holdings
Withdrawn status Lost status Source of classification or shelving scheme Damaged status Not for loan Home library Branch Name Shelving location Date acquired Total Checkouts Full call number Barcode Date last seen Price effective from Koha item type
    Dewey Decimal Classification     SAU Library SAU Library General Stacks 29/06/1988   636 EWP 12038 28/01/2015 28/01/2015 Book
    Dewey Decimal Classification     SAU Library SAU Library General Stacks 29/06/1988   636 EWP 11880 28/01/2015 28/01/2015 Book
    Dewey Decimal Classification     SAU Library SAU Library General Stacks 29/06/1988   636 EWP 12036 28/01/2015 28/01/2015 Book
    Dewey Decimal Classification     SAU Library SAU Library General Stacks 29/06/1988   636 EWP 12039 28/01/2015 28/01/2015 Book
    Dewey Decimal Classification     SAU Library SAU Library General Stacks 29/06/1988   636 EWP 12037 28/01/2015 28/01/2015 Book
    Dewey Decimal Classification     SAU Library SAU Library General Stacks 29/06/1988   636 EWP 11878 28/01/2015 28/01/2015 Book
    Dewey Decimal Classification     SAU Library SAU Library General Stacks 29/06/1988   636 EWP 11876 28/01/2015 28/01/2015 Book
    Dewey Decimal Classification     SAU Library SAU Library General Stacks 29/06/1988   636 EWP 11877 28/01/2015 28/01/2015 Book